[Event "40th Bosna Open"]
[Site "Sarajevo BIH"]
[Date "2010.05.05"]
[Round "1"]
[White "Lejlic,S"]
[Black "Wang Hao"]
[Result "0-1"]
[WhiteElo "2362"]
[BlackElo "2722"]
[EventDate "2010.05.05"]

1. e4 c5 2. Nf3 d6 3. c3 Nf6 4. Bd3 Nc6 5. Bc2 Bg4 6. h3 Bxf3 7. Qxf3 g6 8.
d3 Bg7 9. O-O O-O 10. Re1 b5 11. Qd1 Rc8 12. Nd2 Nd7 13. Nf1 b4 14. Bd2 Qa5
15. Ne3 Nb6 16. cxb4 cxb4 17. Qb1 Qe5 18. Bc1 Nd4 19. Bb3 a5 20. Ng4 Qh5
21. Bd1 Qb5 22. Bh6 Bxh6 23. Nxh6+ Kg7 24. Ng4 Rc7 25. b3 Rc3 26. Qb2 h5
27. Ne3 e6 28. Be2 Qe5 29. Qd2 Rfc8 30. Rab1 Qc5 31. Nc4 Rc2 32. Qe3 Rxa2
33. Bd1 Nxc4 34. dxc4 h4 35. Qf4 g5 36. Qc1 Nxb3 0-1

[Event "40th Bosna Open"]
[Site "Sarajevo BIH"]
[Date "2010.05.05"]
[Round "1"]
[White "Efimenko,Z"]
[Black "Kislik,E"]
[Result "1-0"]
[WhiteElo "2677"]
[BlackElo "2353"]
[EventDate "2010.05.05"]

1. e4 c5 2. Nf3 d6 3. d4 cxd4 4. Nxd4 Nf6 5. Nc3 Nc6 6. Bg5 e6 7. Qd2 Be7
8. O-O-O O-O 9. f3 a6 10. h4 Nxd4 11. Qxd4 b5 12. Kb1 Bb7 13. Qd2 Rc8 14.
Bd3 d5 15. e5 Nd7 16. f4 Re8 17. Ne2 Qb6 18. Bxe7 Rxe7 19. h5 b4 20. Nd4
Nc5 21. Rhf1 Nxd3 22. Qxd3 Rec7 23. f5 exf5 24. Nxf5 Qc5 25. Nd6 Rd8 26. h6
g6 27. Rd2 d4 28. Qg3 Bd5 29. Qh4 1-0

[Event "40th Bosna Open"]
[Site "Sarajevo BIH"]
[Date "2010.05.05"]
[Round "1"]
[White "Van Eijk,S"]
[Black "Timofeev,Arty"]
[Result "0-1"]
[WhiteElo "2353"]
[BlackElo "2677"]
[EventDate "2010.05.05"]

1. e4 c5 2. Nf3 e6 3. Nc3 d6 4. d4 cxd4 5. Nxd4 Nf6 6. Bc4 Nc6 7. Bb3 Be7
8. O-O O-O 9. f4 Na5 10. f5 e5 11. Nde2 h6 12. Bd5 Bd7 13. Ng3 Rc8 14. Nh5
Nc4 15. Kh1 b5 16. Qf3 Kh7 17. Qh3 b4 18. Ne2 Nxd5 19. exd5 Bg5 20. Qg3 Rg8
21. f6 g6 22. Bxg5 gxh5 23. Qd3+ Rg6 24. Bc1 Qa5 25. c3 Nb6 26. cxb4 Qxd5
27. Qxd5 Nxd5 0-1

[Event "40th Bosna Open"]
[Site "Sarajevo BIH"]
[Date "2010.05.05"]
[Round "1"]
[White "Sokolov,Ivan"]
[Black "Rasidovic,S"]
[Result "1-0"]
[WhiteElo "2654"]
[BlackElo "2348"]
[EventDate "2010.05.05"]

1. d4 e6 2. c4 f5 3. g3 Nf6 4. Bg2 Bb4+ 5. Nd2 O-O 6. Ngf3 d5 7. O-O c6 8.
Ne5 Nbd7 9. Nd3 Ba5 10. b4 Bc7 11. Bb2 Ne4 12. Rc1 Nxd2 13. Qxd2 Nb6 14.
cxd5 cxd5 15. Qc2 Nc4 16. Bc3 Qf6 17. a4 Bd6 18. e3 g5 19. Rfe1 g4 20. b5
Qe7 21. Qb3 Bd7 22. Nc5 b6 23. e4 fxe4 24. Nxe4 Ba3 25. Ra1 Rac8 26. Nd2
Bd6 27. Nxc4 Rxc4 28. Bxd5 Rxc3 29. Qxc3 Bb4 30. Qe3 Bxe1 31. Rxe1 Rf6 32.
Bc6 Qf7 33. Qg5+ 1-0

[Event "40th Bosna Open"]
[Site "Sarajevo BIH"]
[Date "2010.05.05"]
[Round "1"]
[White "Galic,Z"]
[Black "Mamedov,Rau"]
[Result "0-1"]
[WhiteElo "2346"]
[BlackElo "2653"]
[EventDate "2010.05.05"]

1. c4 g6 2. Nc3 Bg7 3. Nf3 e5 4. d4 exd4 5. Nxd4 Nc6 6. Nxc6 bxc6 7. g3 Ne7
8. Bg2 O-O 9. O-O Rb8 10. Qa4 a6 11. Rd1 c5 12. Qc2 d6 13. b3 Bf5 14. Qd2
Qd7 15. Bb2 Rbe8 16. Ne4 Bxe4 17. Bxe4 Bxb2 18. Qxb2 Nf5 19. Bg2 Qe7 20. e3
h5 21. Rd5 h4 22. Rad1 hxg3 23. hxg3 Nh6 24. Bf3 f5 25. R5d2 Rf6 26. Kg2
Kg7 27. Bc6 Rh8 28. Rh1 Ng4 29. Rxh8 Kxh8 30. Kg1 Kg7 31. Bg2 Qe8 32. Re2
Qh8 33. Qc3 g5 34. f3 Qh2+ 35. Kf1 f4 36. exf4 Qxg3 37. Kg1 gxf4 0-1

[Event "40th Bosna Open"]
[Site "Sarajevo BIH"]
[Date "2010.05.05"]
[Round "1"]
[White "Gustafsson,J"]
[Black "Trkulja,G"]
[Result "1-0"]
[WhiteElo "2640"]
[BlackElo "2343"]
[EventDate "2010.05.05"]

1. d4 Nf6 2. c4 c5 3. Nf3 g6 4. Nc3 cxd4 5. Nxd4 Bg7 6. e4 Nc6 7. Nc2 O-O
8. Be2 d6 9. O-O Ne8 10. Be3 Bxc3 11. bxc3 Qa5 12. Qd2 Nf6 13. f3 Ne5 14.
Bd4 Be6 15. Ne3 Nc6 16. Qb2 Nd7 17. f4 f6 18. f5 Bf7 19. Qxb7 Nxd4 20. cxd4
Qd2 21. Kf2 Nb6 22. Rfd1 Qa5 23. Qxe7 Rfe8 24. Qxf6 Rac8 25. Ng4 Rc7 26.
Nh6+ Kf8 27. Qxd6+ 1-0

[Event "40th Bosna Open"]
[Site "Sarajevo BIH"]
[Date "2010.05.05"]
[Round "1"]
[White "Djurovic,G"]
[Black "Sandipan,C"]
[Result "1-0"]
[WhiteElo "2318"]
[BlackElo "2640"]
[EventDate "2010.05.05"]

1. Nf3 d5 2. e3 Nf6 3. c4 c6 4. d4 Bg4 5. cxd5 cxd5 6. Qb3 Qc7 7. Nc3 e6 8.
Bb5+ Nc6 9. Ne5 Bd6 10. Nxg4 Nxg4 11. h3 Nf6 12. Bd2 O-O 13. Bd3 Qe7 14.
O-O Rad8 15. Rfd1 Bb8 16. Bf1 h5 17. f4 h4 18. Be1 Ne8 19. Qc2 g5 20. Qe2
Ng7 21. Qg4 f6 22. Bf2 a6 23. Bd3 Qd6 24. Ne2 Ne7 25. g3 hxg3 26. Nxg3 Rf7
27. fxg5 fxg5 28. Qxg5 Rdf8 29. Rd2 Rf6 30. Be1 Kf7 31. Rg2 Rg8 32. Bh7 Rf8
33. Nh5 Nxh5 34. Qxh5+ Ng6 35. Bxg6+ 1-0

[Event "40th Bosna Open"]
[Site "Sarajevo BIH"]
[Date "2010.05.05"]
[Round "1"]
[White "Mufic,Go"]
[Black "Ivanisevic,I"]
[Result "0-1"]
[WhiteElo "2312"]
[BlackElo "2630"]
[EventDate "2010.05.05"]

1. d4 Nf6 2. Nf3 g6 3. Bg5 Bg7 4. c3 O-O 5. Nbd2 d5 6. e3 Nbd7 7. Bd3 Re8
8. O-O e5 9. dxe5 Nxe5 10. Nxe5 Rxe5 11. Nf3 Re8 12. h3 c6 13. Qc2 Qb6 14.
Nd2 Be6 15. c4 dxc4 16. Nxc4 Qc5 17. Bf4 Rad8 18. Nd6 Qxc2 19. Bxc2 Re7 20.
Rad1 Nd5 21. Nc4 b5 22. Ne5 Rc8 23. Bg3 Nb4 24. Bb1 Bxa2 25. Bxa2 Bxe5 26.
Bh4 Rb7 27. Bb3 c5 28. Rd2 c4 29. Bd1 Nd3 30. b3 Bc3 31. Ra2 Nb4 32. Re2 a5
33. e4 cxb3 34. Bxb3 a4 35. Bd5 Rd7 36. Rc1 Kg7 37. Bg3 Nxd5 38. exd5 Rxd5
39. Kf1 a3 0-1

[Event "40th Bosna Open"]
[Site "Sarajevo BIH"]
[Date "2010.05.05"]
[Round "1"]
[White "Predojevic,B"]
[Black "Konjicanin,M"]
[Result "1-0"]
[WhiteElo "2628"]
[BlackElo "2312"]
[EventDate "2010.05.05"]

1. e4 e6 2. d4 d5 3. Nc3 Bb4 4. e5 c5 5. a3 Bxc3+ 6. bxc3 Ne7 7. Nf3 Bd7 8.
Rb1 Qc7 9. Bd3 Nbc6 10. O-O c4 11. Be2 O-O-O 12. a4 f6 13. Ba3 Be8 14. Re1
fxe5 15. Ng5 Qd7 16. Bg4 Nf5 17. Bxf5 exf5 18. dxe5 h6 19. e6 Qc7 20. e7
hxg5 21. exd8=Q+ Nxd8 22. h3 g4 23. Re7 Bd7 24. Qxd5 gxh3 25. Rd1 1-0

[Event "40th Bosna Open"]
[Site "Sarajevo BIH"]
[Date "2010.05.05"]
[Round "1"]
[White "De Verdier,M"]
[Black "Berg,E"]
[Result "1/2-1/2"]
[WhiteElo "2310"]
[BlackElo "2616"]
[EventDate "2010.05.05"]

1. Nf3 d6 2. c4 g6 3. g3 Bg7 4. Bg2 e5 5. d4 Nd7 6. O-O Ne7 7. Nc3 O-O 8.
e4 a6 9. d5 h6 10. Ne1 b5 11. cxb5 axb5 12. Nd3 c6 13. Nb4 cxd5 14. Ncxd5
Bb7 15. Be3 Nxd5 16. Nxd5 Nf6 17. Nxf6+ Qxf6 18. Qd2 Qe6 19. a3 Ra4 20.
Rfd1 Bxe4 21. Bxe4 Rxe4 22. Qxd6 Qg4 23. Qd3 1/2-1/2

[Event "40th Bosna Open"]
[Site "Sarajevo BIH"]
[Date "2010.05.05"]
[Round "1"]
[White "Mamedov,Nid"]
[Black "Stojanovic,Andj"]
[Result "1-0"]
[WhiteElo "2614"]
[BlackElo "2305"]
[EventDate "2010.05.05"]

1. e4 c5 2. Nf3 d6 3. d4 cxd4 4. Nxd4 Nf6 5. Nc3 Nc6 6. f3 e5 7. Nb3 Be6 8.
Nd5 Be7 9. c4 Bxd5 10. cxd5 Nb8 11. Be3 O-O 12. Be2 Nh5 13. g3 g6 14. O-O
Nd7 15. Qd2 a5 16. a4 f5 17. exf5 gxf5 18. f4 Nhf6 19. fxe5 Ne4 20. Qd3
Nxe5 21. Qb5 Bg5 22. Bb6 Qf6 23. Bf3 Qg6 24. Rae1 Rae8 25. Kg2 Nxf3 26.
Rxf3 Nc3 27. Qf1 Rxe1 28. Qxe1 Nxd5 29. Bf2 Nb4 30. Nxa5 Nc2 31. Qc3 f4 32.
Qb3+ Rf7 33. Nxb7 Kg7 34. Nxd6 Qxd6 35. Qxc2 fxg3 36. Rxf7+ Kxf7 37. Qxh7+
Kf6 38. Bd4+ 1-0

[Event "40th Bosna Open"]
[Site "Sarajevo BIH"]
[Date "2010.05.05"]
[Round "1"]
[White "Geetha,Narayanan Gopal"]
[Black "Sutkovic,D"]
[Result "1-0"]
[WhiteElo "2604"]
[BlackElo "2304"]
[EventDate "2010.05.05"]

1. e4 c6 2. d4 d5 3. Nc3 a6 4. Bd3 dxe4 5. Bxe4 Nf6 6. Bf3 Bf5 7. h4 h5 8.
Bg5 g6 9. Nge2 Bg7 10. Ng3 Bg4 11. Bxf6 Bxf3 12. Qxf3 Bxf6 13. O-O-O e6 14.
Nge4 Be7 15. Rhe1 O-O 16. g4 hxg4 17. Qxg4 Bxh4 18. Rh1 Bf6 19. Nxf6+ Qxf6
20. Ne4 Qg7 21. Qg5 Nd7 22. Rh6 f6 23. Qh4 g5 24. Qh5 1-0

[Event "40th Bosna Open"]
[Site "Sarajevo BIH"]
[Date "2010.05.05"]
[Round "1"]
[White "Ganaus,H"]
[Black "Lenic,L"]
[Result "0-1"]
[WhiteElo "2297"]
[BlackElo "2592"]
[EventDate "2010.05.05"]

1. d4 Nf6 2. c4 e6 3. Nc3 Bb4 4. e3 O-O 5. a3 Bxc3+ 6. bxc3 b6 7. Bd3 Bb7
8. Ne2 Bxg2 9. Rg1 Bf3 10. Rg3 Be4 11. f3 Bg6 12. e4 Nh5 13. Rg2 d5 14. Bg5
Qd7 15. Qb3 dxe4 16. Bxe4 Nc6 17. Qa4 Bxe4 18. fxe4 f6 19. Be3 Ne5 20. Qxd7
Nxd7 21. Rf2 c5 22. Rd1 Rac8 23. d5 Ne5 24. dxe6 Rfe8 25. Nf4 Nxf4 26. Bxf4
Nxc4 27. Rd7 Rxe6 28. Kf1 Rce8 29. Rxa7 Rxe4 0-1

[Event "40th Bosna Open"]
[Site "Sarajevo BIH"]
[Date "2010.05.05"]
[Round "1"]
[White "Stefansson,H"]
[Black "Hirneise,J"]
[Result "1-0"]
[WhiteElo "2588"]
[BlackElo "2294"]
[EventDate "2010.05.05"]

1. d4 Nf6 2. c4 g6 3. Nf3 Bg7 4. g3 d6 5. Bg2 O-O 6. O-O Nc6 7. Nc3 a6 8.
e3 Rb8 9. Qe2 b5 10. Rd1 b4 11. Nd5 Bd7 12. b3 e6 13. Nxf6+ Bxf6 14. Bb2
Qe7 15. a3 a5 16. axb4 axb4 17. d5 Nd8 18. Nd4 e5 19. Nb5 Bxb5 20. cxb5 Nb7
21. Qc4 Nc5 22. Ra7 Rb6 23. Qxb4 Rfb8 24. Bf1 R6b7 25. Rxb7 Rxb7 26. Qa3
Qd8 27. b4 Nd7 28. e4 Qb8 29. Ra1 Kg7 30. Qc3 Qd8 31. Bc1 Qb8 32. Be3 Nb6
33. Ra3 Nc8 34. Qc1 Na7 35. Qa1 1-0

[Event "40th Bosna Open"]
[Site "Sarajevo BIH"]
[Date "2010.05.05"]
[Round "1"]
[White "Saric,Iv"]
[Black "Kanmazalp,O"]
[Result "1/2-1/2"]
[WhiteElo "2580"]
[BlackElo "2287"]
[EventDate "2010.05.05"]

1. e4 c5 2. Nf3 d6 3. d4 cxd4 4. Nxd4 Nf6 5. Nc3 g6 6. Be3 Bg7 7. f3 O-O 8.
Qd2 Nc6 9. Bc4 Bd7 10. O-O-O Rc8 11. Bb3 Nxd4 12. Bxd4 b5 13. h4 a5 14. a3
b4 15. axb4 axb4 16. Nd5 Nxd5 17. Bxg7 Kxg7 18. exd5 Qa5 19. Qd4+ Kg8 20.
h5 Bf5 21. Kd2 Rc5 22. Ke3 Bxc2 23. Bxc2 Rxc2 24. hxg6 e5 25. gxf7+ Rxf7
26. Qg4+ Kh8 27. Rd2 Qc5+ 28. Ke2 Rxd2+ 29. Kxd2 Qxd5+ 30. Ke2 Qb5+ 31. Kd2
Qd5+ 32. Ke2 Qb5+ 33. Kd2 Qd5+ 1/2-1/2

[Event "40th Bosna Open"]
[Site "Sarajevo BIH"]
[Date "2010.05.05"]
[Round "1"]
[White "Brkic,A"]
[Black "Dimitrijevic,A"]
[Result "1-0"]
[WhiteElo "2573"]
[BlackElo "2286"]
[EventDate "2010.05.05"]

1. e4 e6 2. d4 b6 3. Bd3 Bb7 4. Nf3 Nf6 5. Qe2 d5 6. e5 Ne4 7. Nbd2 Nxd2 8.
Bxd2 c5 9. c3 Be7 10. h4 h6 11. h5 Nc6 12. Rh3 cxd4 13. cxd4 Nb4 14. Bxb4
Bxb4+ 15. Kf1 O-O 16. Kg1 f5 17. exf6 Rxf6 18. Ne5 Qe7 19. Bc2 a5 20. Bd3
Rc8 21. Re3 Bd6 22. Ng4 Rf4 23. Rxe6 Qf8 24. Nxh6+ Kh8 25. Nf5 Rxf5 26.
Bxf5 Bf4 27. Qg4 Bc1 28. Qg6 Qg8 29. Rxb6 Rc7 30. Rxb7 1-0

[Event "40th Bosna Open"]
[Site "Sarajevo BIH"]
[Date "2010.05.05"]
[Round "1"]
[White "Ozturk,Ku"]
[Black "Kovacevic,A"]
[Result "0-1"]
[WhiteElo "2273"]
[BlackElo "2573"]
[EventDate "2010.05.05"]

1. d4 Nf6 2. c4 e6 3. Nf3 c5 4. g3 cxd4 5. Nxd4 Qa5+ 6. Nd2 Nc6 7. N4b3 Qc7
8. Nf3 Be7 9. Bg2 O-O 10. O-O d6 11. Bd2 h6 12. Qc2 Bd7 13. Rac1 Rac8 14.
Nbd4 Nxd4 15. Nxd4 Qb6 16. Nb3 d5 17. c5 Qa6 18. Bb4 b6 19. Qd2 Qxa2 20.
cxb6 Bxb4 21. Qxb4 axb6 22. Nd4 Qa5 23. Qxa5 bxa5 24. e3 Rb8 25. b3 Rfc8
26. h3 Ne8 27. Rfd1 Kf8 28. f4 Nd6 29. Kf2 Ke7 30. g4 Rxc1 31. Rxc1 Rc8 32.
Rxc8 Nxc8 33. e4 dxe4 34. Bxe4 Kd6 35. Ke3 Kc5 36. h4 Ne7 37. Nf3 Kb4 38.
Ne5 Be8 39. Kd4 Kxb3 40. Kc5 a4 0-1

[Event "40th Bosna Open"]
[Site "Sarajevo BIH"]
[Date "2010.05.05"]
[Round "1"]
[White "Bosiocic,Mari"]
[Black "Inants,A"]
[Result "1-0"]
[WhiteElo "2562"]
[BlackElo "2259"]
[EventDate "2010.05.05"]

1. e4 c5 2. Nf3 Nf6 3. Nc3 d5 4. exd5 Nxd5 5. Bb5+ Bd7 6. O-O Nxc3 7. Bxd7+
Nxd7 8. bxc3 e6 9. d4 Nf6 10. Ne5 Nd7 11. Bf4 Nxe5 12. Bxe5 Qd5 13. Qe2 c4
14. Rab1 f6 15. Bg3 Ba3 16. Rbe1 Kf7 17. f4 Rac8 18. Bh4 b5 19. Rf3 Rhe8
20. g4 a5 21. Re3 Qd7 22. Bf2 Bd6 23. Qf3 Ba3 24. h4 Bb2 25. Rb1 Ba3 26. h5
Rb8 27. Rbe1 Bb2 28. Rb1 Ba3 29. Qg3 Kg8 30. Rbe1 Bb2 31. g5 f5 32. g6 h6
33. Qf3 Ba3 34. d5 Rb6 35. Qe2 Bc5 36. Rxe6 Rbxe6 37. dxe6 Qd6 38. Qe5
Bxf2+ 39. Kxf2 Qd2+ 40. Re2 Qd8 41. Qxf5 Qh4+ 42. Kg2 Rf8 43. Qf7+ 1-0

[Event "40th Bosna Open"]
[Site "Sarajevo BIH"]
[Date "2010.05.05"]
[Round "1"]
[White "Voiteanu,G"]
[Black "Nevednichy,V"]
[Result "0-1"]
[WhiteElo "2257"]
[BlackElo "2560"]
[EventDate "2010.05.05"]

1. d4 g6 2. e4 Bg7 3. c4 c5 4. d5 d6 5. Nc3 e6 6. Nf3 Ne7 7. Qa4+ Bd7 8.
Qb3 b6 9. Nb5 Bxb5 10. Qxb5+ Qd7 11. dxe6 fxe6 12. Qxd7+ Kxd7 13. g3 Nbc6
14. Bg2 Raf8 15. Rb1 h6 16. h4 Rf7 17. Bf4 Rhf8 18. Ke2 e5 19. Be3 Nd4+ 20.
Bxd4 exd4 21. Rbd1 Nc6 22. Rhf1 d3+ 23. Rxd3 Bxb2 24. Rd2 Bd4 25. h5 g5 26.
Bh3+ Kc7 27. Bf5 Re7 0-1

[Event "40th Bosna Open"]
[Site "Sarajevo BIH"]
[Date "2010.05.05"]
[Round "1"]
[White "Jankovic,A"]
[Black "Kruskic,M"]
[Result "1-0"]
[WhiteElo "2559"]
[BlackElo "2250"]
[EventDate "2010.05.05"]

1. d4 Nf6 2. c4 g6 3. Nc3 Bg7 4. e4 d6 5. Nf3 O-O 6. Be2 e5 7. O-O Nbd7 8.
Qc2 Re8 9. d5 Nh5 10. Rd1 Bf8 11. Rb1 Ng7 12. Bh6 Be7 13. b4 f5 14. Bxg7
fxe4 15. Nd4 exd4 16. Bxd4 Nf6 17. Bxf6 Bxf6 18. Nxe4 Rxe4 19. Qxe4 Bf5 20.
Qe3 Bxb1 21. Rxb1 Qe7 22. Qxe7 Bxe7 23. Bd3 b6 24. g3 a5 25. b5 Bf6 26. Be4
Re8 27. f3 Kg7 28. Kg2 Bd4 29. h4 h6 30. h5 g5 31. Re1 Rf8 32. Bg6 Be5 33.
Re3 Rf6 34. c5 Rf8 35. c6 Bf6 36. Kh3 Bd8 37. Kg4 Kf6 38. Re2 Kg7 39. Re6
Bf6 40. Bf5 Rf7 41. Be4 Rf8 42. Bf5 Bd8 43. Bc2 Bf6 44. f4 Rf7 45. fxg5
Bxg5 46. Rg6+ Kh8 47. Rxg5 hxg5 48. Bf5 Re7 49. Kxg5 Re2 50. a4 Ra2 51. Kf6
Rxa4 52. h6 Rb4 53. g4 Rf4 54. g5 Rxf5+ 55. Kxf5 a4 56. g6 a3 57. Kf6 a2
58. Kf7 1-0

[Event "40th Bosna Open"]
[Site "Sarajevo BIH"]
[Date "2010.05.05"]
[Round "1"]
[White "Feher,Ad"]
[Black "Godena,M"]
[Result "0-1"]
[WhiteElo "2247"]
[BlackElo "2554"]
[EventDate "2010.05.05"]

1. e4 e5 2. Nf3 Nc6 3. Bb5 a6 4. Ba4 Nf6 5. O-O b5 6. Bb3 Bc5 7. Nxe5 Nxe5
8. d4 Bxd4 9. Qxd4 d6 10. f4 c5 11. Qc3 Neg4 12. e5 c4 13. exf6 O-O 14.
Bxc4 bxc4 15. fxg7 Re8 16. h3 Bb7 17. hxg4 Re2 18. Qg3 Rxg2+ 19. Qxg2 Bxg2
20. Kxg2 Qh4 21. Nc3 Re8 22. Bd2 Qxg4+ 23. Kf2 Qh4+ 24. Kg2 Re6 25. f5 Qg4+
26. Kh2 Qh4+ 27. Kg2 Qg4+ 28. Kh2 Re5 29. Rae1 Rxf5 30. Rxf5 Qxf5 31. Be3
d5 32. Bc5 Kxg7 33. Rg1+ Kf6 34. Bd4+ Ke6 35. Re1+ Kd7 36. Kg3 Qxc2 37.
Nxd5 Qg6+ 38. Kf3 Qh5+ 39. Ke4 Qh4+ 0-1

[Event "40th Bosna Open"]
[Site "Sarajevo BIH"]
[Date "2010.05.05"]
[Round "1"]
[White "Kosintseva,N"]
[Black "Tate,A"]
[Result "1-0"]
[WhiteElo "2553"]
[BlackElo "2244"]
[EventDate "2010.05.05"]

1. e4 c5 2. Nf3 d6 3. d4 Nf6 4. Nc3 cxd4 5. Nxd4 a6 6. Bg5 e6 7. f4 Nc6 8.
Qd3 h6 9. Bh4 g5 10. fxg5 Ng4 11. O-O-O Bd7 12. Nf3 hxg5 13. Bg3 Qa5 14.
Kb1 Be7 15. Be2 Nge5 16. Qe3 f6 17. h4 gxh4 18. Rxh4 Rxh4 19. Bxh4 O-O-O
20. Nd2 Kb8 21. Nb3 Qc7 1-0

[Event "40th Bosna Open"]
[Site "Sarajevo BIH"]
[Date "2010.05.05"]
[Round "1"]
[White "Terzic,I"]
[Black "Kurajica,B"]
[Result "0-1"]
[WhiteElo "2241"]
[BlackElo "2548"]
[EventDate "2010.05.05"]

1. d4 Nf6 2. Nf3 e6 3. c4 b6 4. Nc3 Bb4 5. Qb3 c5 6. e3 O-O 7. Be2 Ne4 8.
O-O Bxc3 9. bxc3 Ba6 10. Qc2 f5 11. Bd3 Nc6 12. Ba3 Na5 13. Bxe4 fxe4 14.
Qxe4 Nxc4 15. Rfd1 Nxa3 16. dxc5 Be2 17. c6 Bxf3 18. gxf3 Qg5+ 19. Kh1 dxc6
20. Rd2 Qf5 21. Rf1 g6 0-1

[Event "40th Bosna Open"]
[Site "Sarajevo BIH"]
[Date "2010.05.05"]
[Round "1"]
[White "Solak,D"]
[Black "Urosevic,A"]
[Result "1-0"]
[WhiteElo "2547"]
[BlackElo "2240"]
[EventDate "2010.05.05"]

1. e4 e6 2. d4 d5 3. Nd2 c5 4. exd5 Qxd5 5. Ngf3 cxd4 6. Bc4 Qd6 7. O-O Nf6
8. Nb3 Nc6 9. Nbxd4 Nxd4 10. Nxd4 a6 11. Re1 Bd7 12. Bg5 Qc5 13. Bxe6 fxe6
14. Bxf6 gxf6 15. Nxe6 Bxe6 16. Rxe6+ Kf7 17. Qd7+ Kg6 18. Rae1 Qf5 19.
R1e3 Bh6 20. Rg3+ Bg5 21. h4 Rad8 22. Qe7 h6 23. h5+ 1-0

[Event "40th Bosna Open"]
[Site "Sarajevo BIH"]
[Date "2010.05.05"]
[Round "1"]
[White "Kamberovic,S"]
[Black "Svetushkin,D"]
[Result "0-1"]
[WhiteElo "2239"]
[BlackElo "2547"]
[EventDate "2010.05.05"]

1. d4 d5 2. Bf4 Nf6 3. e3 e6 4. Nf3 c5 5. c3 Nc6 6. Bd3 Bd6 7. Bg3 O-O 8.
Nbd2 b6 9. Ne5 Bb7 10. f4 Ne7 11. Qf3 Nf5 12. Bf2 Be7 13. O-O Nd6 14. Rad1
Nfe4 15. Qh3 cxd4 16. exd4 b5 17. Ng4 a5 18. Nxe4 dxe4 19. Be2 Bd5 20. a3
Nc4 21. Bxc4 bxc4 22. Be3 Rb8 23. Bc1 f5 24. Ne3 Rf6 25. g3 Rg6 26. Rf2 Qd7
27. Qf1 Qc7 28. Rg2 Rf6 29. Qe2 h6 30. Rf1 Kh7 31. Rff2 Rbf8 32. Rf1 R6f7
33. Qd1 Qc8 34. Qe2 g5 35. Kh1 Rg7 36. Rgf2 Rg6 37. Ng2 g4 38. Ne3 h5 39.
Rg2 h4 40. Kg1 Rh6 41. Qc2 Kg7 42. Qa4 Qb7 43. Kf2 Kf7 44. Ke1 Rc8 45. Re2
Bd6 46. Rg2 Rhh8 47. Rgf2 Rc7 48. Rg2 Qb3 49. Qxb3 cxb3 50. Bd2 Bb7 51. c4
a4 52. c5 Be7 53. Nc4 e3 54. Ba5 Bxg2 55. Rg1 hxg3 56. hxg3 Bf3 57. Bxc7
Rh2 58. c6 Rc2 59. Nxe3 Re2+ 60. Kf1 Rxe3 61. Be5 Bxc6 0-1

[Event "40th Bosna Open"]
[Site "Sarajevo BIH"]
[Date "2010.05.05"]
[Round "1"]
[White "Yagiz,Y"]
[Black "Bindrich,F"]
[Result "1/2-1/2"]
[WhiteElo "2234"]
[BlackElo "2539"]
[EventDate "2010.05.05"]

1. Nf3 d5 2. c4 d4 3. g3 Nc6 4. Bg2 e5 5. d3 Bb4+ 6. Bd2 a5 7. O-O Nf6 8.
Na3 O-O 9. Nc2 Bc5 10. a3 e4 11. dxe4 Nxe4 12. Be1 Re8 13. b4 axb4 14. axb4
Rxa1 15. Qxa1 d3 16. exd3 Qxd3 17. Qa4 Bg4 18. bxc5 Bxf3 19. Nb4 Bd1 20.
Qb5 Qd7 21. Qxb7 Nd4 22. Qd5 Qxd5 23. cxd5 Be2 24. c6 Bc4 25. f3 Ng5 26.
Bd2 Bxf1 27. Kxf1 Ngxf3 28. Bxf3 Nxf3 29. Bf4 Nxh2+ 30. Kg1 Nf3+ 31. Kg2
Ne5 32. Na6 Nxc6 33. dxc6 Re2+ 34. Kf3 Rc2 35. Nb8 f5 36. Bxc7 Kf7 37. Kf4
Ke6 38. Ke3 g5 39. Kd3 Rc1 40. Kd2 Rb1 41. Bf4 Rb5 42. c7 Rc5 43. Na6 Rd5+
44. Kc3 Kd7 45. Bxg5 Ra5 46. Nb8+ Kxc7 47. Bd8+ Kxd8 48. Nc6+ Kd7 49. Nxa5
Ke6 50. Kd4 Kf6 51. Ke3 Kg5 52. Kf3 h5 53. Nc4 h4 54. gxh4+ Kxh4 55. Kf4
Kh3 56. Kxf5 1/2-1/2

[Event "40th Bosna Open"]
[Site "Sarajevo BIH"]
[Date "2010.05.05"]
[Round "1"]
[White "Damljanovic,B"]
[Black "Topak,E"]
[Result "1-0"]
[WhiteElo "2539"]
[BlackElo "2230"]
[EventDate "2010.05.05"]

1. c4 Nf6 2. Nc3 g6 3. e4 d6 4. d4 Bg7 5. Nf3 O-O 6. h3 c5 7. d5 a6 8. a4
e6 9. Bd3 exd5 10. cxd5 Re8 11. O-O Nbd7 12. Re1 Qe7 13. Bf4 Nh5 14. Bh2
Ne5 15. Be2 Bd7 16. a5 Kh8 17. Nxe5 Bxe5 18. Bxh5 Bxh2+ 19. Kxh2 Qe5+ 20.
f4 Qxf4+ 21. Kh1 gxh5 22. Rf1 Qg3 23. Rxf7 Rg8 24. Qf3 Qxf3 25. Rxf3 Raf8
26. Raf1 Kg7 27. Rxf8 Rxf8 28. Rxf8 Kxf8 29. Kg1 Ke7 30. Kf2 Kf6 31. Ke3
Bb5 32. Kf4 Bf1 33. h4 Bxg2 34. Na4 Ke7 35. Nb6 Kd8 36. e5 dxe5+ 37. Kxe5
Kc7 38. Ke6 Bh3+ 39. Ke7 Bg4 40. Nc4 Bh3 41. Ne5 b6 42. d6+ Kb7 43. d7 Bxd7
44. Kxd7 bxa5 45. Nc4 1-0

[Event "40th Bosna Open"]
[Site "Sarajevo BIH"]
[Date "2010.05.05"]
[Round "1"]
[White "Kadric,D"]
[Black "Jovanic,O"]
[Result "1/2-1/2"]
[WhiteElo "2227"]
[BlackElo "2530"]
[EventDate "2010.05.05"]

1. e4 e5 2. Bc4 Nf6 3. d3 Nc6 4. Nf3 Bc5 5. O-O a6 6. Bb3 d6 7. c3 Ba7 8.
Re1 O-O 9. h3 h6 10. Nbd2 Be6 11. Bc2 Re8 12. Nh2 Ne7 13. Ndf1 Ng6 14. Ng3
Qd7 15. Nh5 Qe7 16. Be3 Bxe3 17. fxe3 Nxh5 18. Qxh5 Qg5 19. Qxg5 hxg5 20.
d4 f6 21. Bd1 Re7 22. d5 Bd7 23. Bg4 Bxg4 24. Nxg4 c6 25. Red1 Rd7 26. Rd3
Ne7 27. dxc6 bxc6 28. Rad1 Rb8 29. b3 Rbd8 30. c4 Kf7 31. Kf2 Ke6 32. Ke2
a5 33. Nf2 Rb8 34. R3d2 a4 35. Nd3 axb3 36. Nc5+ dxc5 37. Rxd7 Nd5 38.
R7xd5 cxd5 39. exd5+ Kd6 40. axb3 Rxb3 41. Ra1 Rc3 42. Ra6+ Kd7 43. Ra7+
Kd6 44. Ra6+ Ke7 45. Ra7+ Kd6 46. Ra6+ Ke7 47. Ra7+ Kd6 1/2-1/2

[Event "40th Bosna Open"]
[Site "Sarajevo BIH"]
[Date "2010.05.05"]
[Round "1"]
[White "Abasov,N"]
[Black "Solic,K"]
[Result "1-0"]
[WhiteElo "2525"]
[BlackElo "2222"]
[EventDate "2010.05.05"]

1. e4 c5 2. c4 Nc6 3. Nc3 g6 4. g3 Bg7 5. Bg2 e6 6. Nge2 Nge7 7. O-O d6 8.
d3 O-O 9. Be3 Qd7 10. d4 cxd4 11. Nxd4 b6 12. Ndb5 Rd8 13. Qd2 Ne5 14. Qe2
Ba6 15. Rfd1 Bxb5 16. Nxb5 Qc6 17. Rac1 a6 18. Nd4 Qc7 19. b3 N5c6 20. Nb5
Qb8 21. Nc3 Ra7 22. f4 Rb7 23. a4 Rc7 24. Qf2 Nc8 25. e5 Bf8 26. Ne4 dxe5
27. Nf6+ Kh8 28. Bxc6 Rxd1+ 29. Rxd1 1-0

[Event "40th Bosna Open"]
[Site "Sarajevo BIH"]
[Date "2010.05.05"]
[Round "1"]
[White "Drljevic,L"]
[Black "Panarin,M"]
[Result "0-1"]
[WhiteElo "2218"]
[BlackElo "2521"]
[EventDate "2010.05.05"]

1. e4 c5 2. Nf3 Nc6 3. d3 g6 4. g3 Bg7 5. Bg2 e5 6. O-O Nge7 7. c3 O-O 8.
Re1 d6 9. a3 b5 10. b4 cxb4 11. axb4 a5 12. bxa5 Rxa5 13. Na3 Qb6 14. Be3
Qa6 15. Nc2 Be6 16. Qb1 Ba2 17. Qb2 Ra4 18. Bf1 Rb8 19. Rec1 h6 20. Be2 Qa8
21. Bd1 Ra6 22. h4 Be6 23. Rxa6 Qxa6 24. Ra1 Qc8 25. Qa3 Qd7 26. Rb1 d5 27.
Bc5 f5 28. exd5 Nxd5 29. Nb4 Ndxb4 30. cxb4 f4 31. Bb3 Kh7 32. Bxe6 Qxe6
33. Kg2 Rd8 34. Qb3 Qd7 35. Rh1 Bf6 36. Ng5+ hxg5 37. hxg5+ Kg7 38. gxf6+
Kxf6 39. gxf4 exf4 40. Qc3+ Kg5 41. Rh3 Re8 42. Kh2 Ne5 43. Bd4 Ng4+ 44.
Kg2 Qd5+ 45. Kf1 Rd8 46. Bb6 Rd7 47. Qc5 f3 48. Rg3 Qxc5 49. Bxc5 Rxd3 50.
Be3+ Kh4 51. Rxf3 Rxe3 52. fxe3 Nh2+ 53. Kf2 Nxf3 54. Kxf3 g5 55. e4 g4+
56. Kg2 Kh5 57. Kf2 Kg6 58. Kg3 Kg5 59. e5 Kf5 60. e6 Kxe6 61. Kxg4 Kd5 62.
Kf3 Kc4 63. Ke2 Kxb4 64. Kd1 Kb3 65. Kc1 Ka2 0-1

[Event "40th Bosna Open"]
[Site "Sarajevo BIH"]
[Date "2010.05.05"]
[Round "1"]
[White "Berczes,D"]
[Black "Zlobec,S"]
[Result "1-0"]
[WhiteElo "2519"]
[BlackElo "2215"]
[EventDate "2010.05.05"]

1. d4 Nf6 2. c4 c5 3. d5 b5 4. cxb5 a6 5. e3 Bb7 6. Nc3 e6 7. e4 exd5 8.
exd5 Bd6 9. Qe2+ Qe7 10. Qxe7+ Bxe7 11. Bf4 Nxd5 12. Nxd5 Bxd5 13. O-O-O
Be6 14. b6 O-O 15. Be2 a5 16. Bf3 Ra6 17. Bc7 a4 18. Bd5 Ra5 19. Ne2 Rb5
20. Nc3 Rb4 21. a3 Rd4 22. Be5 Rxd1+ 23. Rxd1 Na6 24. Bxe6 dxe6 25. Rd7 Bf6
26. Bxf6 gxf6 27. Nxa4 Rc8 28. Ra7 Nb8 29. Rc7 Rd8 30. b7 Kf8 31. Nxc5 Ke8
32. a4 1-0